Statistics for Boyz II Men Discography

Click here to take the quiz!

General Stats

  • This quiz has been taken 4 times
  • The average score is 2 of 19

Answer Stats

Year Name Type % Correct
1994IIAlbum
50%
1991CooleyhighharmonyAlbum
25%
1997EvolutionAlbum
25%
2011TwentyAlbum
25%
2001Legacy: The Greatest Hits CollectionCompilation
25%
2002Full CircleAlbum
25%
2007Motown: A Journey Through Hitsville USAAlbum
25%
2006The RemedyAlbum
0%
2014CollideAlbum
0%
2010Covered: WinterCovers Album
0%
2009LoveCovers Album
0%
200320th Century Masters - The Millennium Collection: The Best of Boyz II MenCompilation
0%
2005Winter/ReflectionsHoliday Album
0%
2004Throwback, Vol. 1Covers Album
0%
1993Christmas InterpretationsHoliday Album
0%
2000Nathan Michael Shawn WanyaAlbum
0%
2000The Ballad CollectionCompilation
0%
1995The Remix CollectionRemix Album
0%
2017Under the StreetlightAlbum
0%

Score Distribution

Percentile by Number Answered

Percent of People with Each Score

Your Score History

You have not taken this quiz